[Event "Stari Zednik"]
[Site "Stari Zednik"]
[Date "2017.06.24"]
[Round "7"]
[White "Smit, Jovan"]
[Black "Kovacs Kalic, Sandor"]
[Result "0-1"]
[WhiteElo "1785"]
[BlackElo "1702"]
[PlyCount "80"]
[EventDate "2017.06.14"]
[EventType "swiss"]
[EventRounds "9"]
[EventCountry "SRB"]
[SourceTitle "CBM 179 Extra"]
[Source "ChessBase"]
[SourceDate "2017.08.23"]
[SourceVersion "1"]
[SourceVersionDate "2017.08.23"]
[SourceQuality "1"]

1. e4 c5 2. f4 e6 3. Nf3 Nf6 4. Nc3 Nc6 5. Be2 d5 6. e5 Nd7 7. Bb5 Be7 8. Bxc6 bxc6 9. d3 f6 10. 0-0 0-0 11. d4 cxd4 12. Nxd4 Bc5 13. exf6 Nxf6 14. Kh1 Qc7 15. a3 Rb8 16. b4 Bd6 17. h3 c5 18. Ndb5 Qd8 19. Nxd6 Qxd6 20. bxc5 Qxc5 21. Qd3 Bd7 22. Be3 Qc7 23. Bd4 Rb7 24. f5 e5 25. Bg1 Qc6 26. Rad1 d4 27. Ne2 Rc7 28. Bh2 Qxc2 29. Bxe5 Qxd3 30. Rxd3 Rc2 31. Nxd4 Ra2 32. Ne6 Bb5 33. Nxf8 Bxd3 34. Rf3 Be4 35. Rg3 Kxf8 36. Bxf6 gxf6 37. Rg4 Re2 38. Kg1 Bc6 39. g3 Kf7 40. h4 Re4 0-1

[Event "Subotica-ch op"]
[Site "Subotica"]
[Date "2016.03.09"]
[Round "8"]
[White "Korosi, Nandor"]
[Black "Kovacs Kalic, Sandor"]
[Result "0-1"]
[WhiteElo "1661"]
[BlackElo "1717"]
[PlyCount "92"]
[EventDate "2016.02.22"]
[EventType "swiss"]
[EventRounds "9"]
[EventCountry "SRB"]
[SourceTitle "CBM 171 Extra"]
[Source "ChessBase"]
[SourceDate "2016.04.26"]
[SourceVersion "1"]
[SourceVersionDate "2016.04.26"]
[SourceQuality "1"]

1. d4 d5 2. Nc3 e6 3. Nf3 c5 4. e4 dxe4 5. Nxe4 cxd4 6. Qxd4 Nc6 7. Qxd8+ Nxd8 8. Bb5+ Bd7 9. Bxd7+ Kxd7 10. 0-0 Be7 11. Rd1+ Ke8 12. Be3 Nc6 13. c3 Nf6 14. Nd6+ Bxd6 15. Rxd6 h6 16. Rad1 Rc8 17. b4 Nd5 18. Rd3 b6 19. b5 Nce7 20. Bd4 Nf5 21. Rc6 Ke7 22. Ne5 Rhd8 23. g3 f6 24. Rxc8 Rxc8 25. Nc6+ Ke8 26. Nxa7 Ra8 27. Nc6 Rxa2 28. c4 Nxd4 29. Rxd4 Nc3 30. Rd3 Ne4 31. Re3 f5 32. f3 Nc5 33. Nd4 Kf7 34. Nb3 Ra3 35. Nxc5 Rxe3 36. Nd7 Rxf3 37. Nxb6 Rc3 38. Nd7 Ke7 39. Ne5 Kd6 40. Nf7+ Kc5 41. Ne5 h5 42. Kf2 Rb3 43. h3 g5 44. g4 hxg4 45. hxg4 fxg4 46. Nf7 Rf3+ 0-1

[Event "Subotica-ch op"]
[Site "Subotica"]
[Date "2016.03.07"]
[Round "7"]
[White "Kovacs Kalic, Sandor"]
[Black "Lanji, Laslo"]
[Result "0-1"]
[WhiteElo "1717"]
[BlackElo "1853"]
[PlyCount "66"]
[EventDate "2016.02.22"]
[EventType "swiss"]
[EventRounds "9"]
[EventCountry "SRB"]
[SourceTitle "CBM 171 Extra"]
[Source "ChessBase"]
[SourceDate "2016.04.26"]
[SourceVersion "1"]
[SourceVersionDate "2016.04.26"]
[SourceQuality "1"]

1. c4 Nf6 2. d4 d5 3. e3 Nc6 4. Nc3 e6 5. Nf3 Be7 6. Be2 0-0 7. 0-0 h6 8. Bd2 Ne4 9. cxd5 Nxc3 10. Bxc3 exd5 11. Rc1 Bd6 12. a3 a6 13. h3 Bf5 14. Qb3 Rb8 15. Kh1 Ne7 16. Nd2 Qd7 17. g4 Be6 18. Qd1 f5 19. f3 Ng6 20. Qe1 f4 21. Bd3 fxe3 22. Bxg6 exd2 23. Bxd2 Rf6 24. Bc2 Re8 25. Qd1 Ref8 26. Bd3 Bg3 27. Kg2 Bh4 28. Be1 Bg5 29. Rc2 h5 30. Bg3 Bf4 31. Qe1 c6 32. Bxf4 Rxf4 33. Qe5 Bxg4 0-1

[Event "Subotica-ch op"]
[Site "Subotica"]
[Date "2016.02.26"]
[Round "3"]
[White "Tomic, Zoran S"]
[Black "Kovacs Kalic, Sandor"]
[Result "0-1"]
[WhiteElo "1892"]
[BlackElo "1717"]
[PlyCount "138"]
[EventDate "2016.02.22"]
[EventType "swiss"]
[EventRounds "9"]
[EventCountry "SRB"]
[SourceTitle "CBM 171 Extra"]
[Source "ChessBase"]
[SourceDate "2016.04.26"]
[SourceVersion "1"]
[SourceVersionDate "2016.04.26"]
[SourceQuality "1"]

1. d4 d5 2. c4 dxc4 3. Nc3 e6 4. a3 Bd7 5. e4 b5 6. Nf3 c6 7. Be2 Be7 8. 0-0 Nf6 9. Bg5 0-0 10. Qc2 h6 11. Bh4 Nh7 12. Bg3 Na6 13. Rfd1 Nf6 14. h3 Qb6 15. Bf4 Nc7 16. Be3 Qb7 17. Nh2 Rad8 18. f4 a6 19. Bf3 Qb8 20. Ng4 Nxg4 21. hxg4 f6 22. g3 Qc8 23. f5 Rde8 24. Kf2 Rd8 25. Rh1 Qb8 26. Qd2 Kf7 27. Ne2 Rh8 28. Qa5 Qb7 29. Bf4 Na8 30. Qc3 Nb6 31. Rad1 Na4 32. Qc2 Qc8 33. Rc1 Nb6 34. Be3 c5 35. Rhd1 cxd4 36. Bxd4 Bc5 37. Kg2 Bxd4 38. Rxd4 e5 39. Rd6 Bc6 40. Rcd1 Nd7 41. b3 Nb6 42. Nc3 Rxd6 43. Rxd6 Rd8 44. Rxd8 Qxd8 45. bxc4 Nxc4 46. Qa2 Qd2+ 47. Qxd2 Nxd2 48. Kf2 Nc4 49. Nb1 Ke7 50. Ke2 Kd6 51. Kd3 Kc5 52. Be2 Nd6 53. Bf3 a5 54. Nd2 b4 55. Nb3+ Kb5 56. axb4 axb4 57. Nd2 Kc5 58. Bd1 Bb5+ 59. Ke3 Nc4+ 60. Nxc4 Bxc4 61. Bc2 Ba2 62. Kd2 Kc4 63. Ba4 b3 64. Bc6 Kb4 65. Bd5 Ka3 66. Bxb3 Kxb3 67. Kd3 Bb1+ 68. Ke3 Kc3 69. g5 hxg5 0-1

[Event "Subotica-ch"]
[Site "Subotica"]
[Date "2015.03.06"]
[Round "9"]
[White "Engi, Igor"]
[Black "Kovacs Kalic, Sandor"]
[Result "1-0"]
[WhiteElo "1633"]
[BlackElo "1750"]
[PlyCount "111"]
[EventDate "2015.02.16"]
[EventType "swiss"]
[EventRounds "9"]
[EventCountry "SRB"]
[SourceTitle "CBM 165 Extra"]
[Source "ChessBase"]
[SourceDate "2015.04.21"]
[SourceVersion "1"]
[SourceVersionDate "2015.04.21"]
[SourceQuality "1"]

1. e4 c5 2. Nf3 e6 3. c3 Nc6 4. Bd3 Be7 5. 0-0 Nf6 6. Bc2 d5 7. d3 0-0 8. Re1 b6 9. Nbd2 Bb7 10. Nf1 Rc8 11. Ng3 Qc7 12. d4 cxd4 13. Nxd4 Nxd4 14. Qxd4 e5 15. Qe3 d4 16. Qd3 dxc3 17. b3 Rfd8 18. Qf3 Qc6 19. Re3 Bc5 20. Rd3 Bd4 21. Bg5 Ba6 22. Rdd1 Qe6 23. Rac1 Re8 24. Bd3 Bxd3 25. Rxd3 Nd7 26. Ne2 Qg6 27. Be3 Nc5 28. Rdd1 Qxe4 29. Qxe4 Nxe4 30. Nxd4 exd4 31. Bxd4 c2 32. Re1 Nd6 33. Rxe8+ Nxe8 34. Kf1 Nd6 35. Ke2 Nf5 36. Bb2 f6 37. Kd3 Nh4 38. g3 Nf3 39. h4 Kf7 40. Ke2 Ne5 41. Bxe5 fxe5 42. Kd2 Ke6 43. Rxc2 Rxc2+ 44. Kxc2 Kf5 45. Kd3 e4+ 46. Kd4 h5 47. Kd5 g6 48. Kd4 g5 49. hxg5 Kxg5 50. Kxe4 Kg4 51. Ke3 Kf5 52. f3 Ke5 53. Kd3 Kf5 54. Kd4 Kg5 55. Ke5 Kg6 56. f4 1-0